<?xml version="1.0" encoding="UTF-8"?>
<collection xmlns="http://www.loc.gov/MARC21/slim">
 <record>
  <leader>01557nam a2200217Ia 4500</leader>
  <controlfield tag="001">CTU_163062</controlfield>
  <controlfield tag="008">210402s9999    xx            000 0 und d</controlfield>
  <datafield tag="082" ind1=" " ind2=" ">
   <subfield code="a">636.50896203</subfield>
  </datafield>
  <datafield tag="082" ind1=" " ind2=" ">
   <subfield code="b">Th108</subfield>
  </datafield>
  <datafield tag="088" ind1=" " ind2=" ">
   <subfield code="a">60640101</subfield>
  </datafield>
  <datafield tag="100" ind1=" " ind2=" ">
   <subfield code="a">Dương, Thị Thanh Thảo</subfield>
  </datafield>
  <datafield tag="245" ind1=" " ind2="0">
   <subfield code="a">Khảo sát sự lưu hành và bước đầu giải trình tự gene của virus cúm gia cầm subtype H5N1 tại tỉnh Cà Mau và Sóc Trăng :</subfield>
  </datafield>
  <datafield tag="245" ind1=" " ind2="0">
   <subfield code="b">Luận văn thạc sĩ. Chuyên ngành: Thú y</subfield>
  </datafield>
  <datafield tag="245" ind1=" " ind2="0">
   <subfield code="c">Dương Thị Thanh Thảo ; Nguyễn Bá Thành, Lý Thị Liên Khai (Hướng dẫn khoa học)</subfield>
  </datafield>
  <datafield tag="260" ind1=" " ind2=" ">
   <subfield code="a">Cần Thơ</subfield>
  </datafield>
  <datafield tag="260" ind1=" " ind2=" ">
   <subfield code="b">Trường Đại học Cần Thơ</subfield>
  </datafield>
  <datafield tag="260" ind1=" " ind2=" ">
   <subfield code="c">2010</subfield>
  </datafield>
  <datafield tag="520" ind1=" " ind2=" ">
   <subfield code="a">Đề tài thực hiện nhằm khảo sát tình hình dịch bênh cúm gia cầm tại tỉnh Cà Mau và Sóc Trăng, sự lưu hành của virus cúm gia cầm tại tỉnh Cà Mau và Sóc Trăng. Bước đầu nghiên cứu trình tự gene HA (H5) và NA (N1) của một số chuẩn đại diện cho quần thể virus cúm gia cầm type A subtype H5N1tại tỉnh Cà Mau và Sóc Trăng. So sánh thành phần nucleotide gene HA(H5) và NA(N1) tại 2 tỉnh vơí chuẩn đã tìm thấy tại Việt Nam và một số nước châu Á.</subfield>
  </datafield>
  <datafield tag="650" ind1=" " ind2=" ">
   <subfield code="a">Avian influenza,Con gà,Bệnh cúm gia cầm,Chickens</subfield>
  </datafield>
  <datafield tag="904" ind1=" " ind2=" ">
   <subfield code="i">Năm</subfield>
  </datafield>
  <datafield tag="980" ind1=" " ind2=" ">
   <subfield code="a">Trung tâm Học liệu Trường Đại học Cần Thơ</subfield>
  </datafield>
 </record>
</collection>
